|
|
|
|
| LEADER |
01439nam a22003734a 4500 |
| 001 |
33369 |
| 003 |
BD-DhAAL |
| 005 |
20180716141424.0 |
| 008 |
180716t2008 sz a 000 0 eng |
| 999 |
|
|
|c 39800
|d 39800
|
| 010 |
|
|
|a 2009341349
|
| 020 |
|
|
|a 9783726600839
|
| 025 |
|
|
|a I-E-2009-341349; 17-90
|
| 037 |
|
|
|b Library of Congress -- New Delhi Overseas Office
|
| 040 |
|
|
|a DLC
|c DLC
|d DLC
|d BD-DhAAL
|
| 042 |
|
|
|a lcode
|
| 043 |
|
|
|a a-ii---
|
| 050 |
0 |
0 |
|a NA6234.I4
|b W46 2008
|
| 082 |
|
|
|a 725.230954
|
| 100 |
1 |
|
|a Wentz, Daniel.
|9 27407
|
| 245 |
1 |
0 |
|a Office building in India /
|c Daniel Wentz
|
| 260 |
|
|
|a Zurich :
|b Holcim Foundation,
|c 2008.
|
| 300 |
|
|
|a 77 pages :
|b illustrations (chiefly color) ;
|c 22 cm.
|
| 500 |
|
|
|a "Copyright: Holcim Foundation for Sustainable Construction"--[P. 78].
|
| 500 |
|
|
|a "Development Alternatives world headquarters. Holcim Foundation for sustainable construction."
|
| 526 |
|
|
|a ARC
|
| 541 |
|
|
|e 33369
|
| 650 |
|
0 |
|a Office buildings
|z India
|9 27408
|
| 650 |
|
0 |
|a Office buildings
|9 27409
|
| 651 |
|
|
|a India
|9 27410
|
| 710 |
2 |
|
|a Holcim Foundation for Sustainable Construction (Zurich, Switzerland)
|9 27411
|
| 852 |
|
|
|a Department of Architecture
|c General Stacks
|
| 942 |
|
|
|2 ddc
|c BK
|
| 952 |
|
|
|0 0
|1 0
|2 ddc
|4 0
|6 725_230954000000000_WEN
|7 0
|9 63830
|a BRACUL
|b BRACUL
|c GEN
|d 2018-07-16
|l 0
|o 725.230954 WEN
|p 3010033369
|r 2018-07-16
|t 1
|w 2018-07-16
|y BK
|x Transferred from ARC to BRACUL on 28/12/2023
|